| 000 | 00664nam a2200217 a 4500 | ||
|---|---|---|---|
| 005 | 20241011063808.0 | ||
| 008 | 040426s1984 mx r 000 0 spa d | ||
| 020 | _a8425413001 | ||
| 035 | _aUPN01000133102 | ||
| 049 | _aCG | ||
| 050 | 4 |
_aHQ35 _bCH3.2 |
|
| 100 | 1 | _aCharbonneau,Paul-Eugéne | |
| 245 | 1 | 0 |
_aAdolescencia y libertad / _cPaul-Eugéne Charbonneau ; tr. Juan A. Iglesias. |
| 260 |
_aBarcelona, Esp. : _bHerder, _c1984. |
||
| 300 | _a290 p. | ||
| 534 |
_pTraducción de: _tAdolescéncia e libertade |
||
| 650 | 4 |
_aAdolescencia _91008 |
|
| 650 | 4 |
_aEducación de adolescentes _9252 |
|
| 650 | 4 |
_aPsicología del adolescente _91013 |
|
| 905 | _aLibro | ||
| 999 |
_c105255 _d105255 |
||